000 00439nam a2200169 4500
001 VA31655
003 ES-SlBCS
005 20210601153435.0
008 140520s1976 xxu||||| |||| 00| 0 spa d
041 _aspa
100 1 _aBandera, Armando
_93214
245 1 0 _aEvangelización, justicia, santidad
_cArmando Bandera
260 _aMadrid :
_bStudium
_c, 1976
300 _a253 p.;
_c20 cm
650 _aEvangelización
_986688
942 _cBK
999 _c791237
_d791237